| 000 -LEADER |
| fixed length control field |
00486nam a2200169 a 4500 |
| 001 - CONTROL NUMBER |
| control field |
4049 |
| 005 - DATE AND TIME OF LATEST TRANSACTION |
| control field |
20140414131902.0 |
| 008 - FIXED-LENGTH DATA ELEMENTS--GENERAL INFORMATION |
| fixed length control field |
081211s19uu xx 00 eng d |
| 020 ## - INTERNATIONAL STANDARD BOOK NUMBER |
| International Standard Book Number |
981-4177-42-3 |
| 050 ## - LIBRARY OF CONGRESS CALL NUMBER |
| Classification number |
FIC |
| Item number |
D55 2004 |
| 100 ## - MAIN ENTRY--PERSONAL NAME |
| Personal name |
Dickens, Charles |
| 245 ## - TITLE STATEMENT |
| Title |
A Tale of two cities / |
| Statement of responsibility, etc |
Charles Dickens ; abridged by Suman Sharma. |
| 250 ## - EDITION STATEMENT |
| Edition statement |
Illustrated Classics ed. |
| 260 ## - PUBLICATION, DISTRIBUTION, ETC. (IMPRINT) |
| Place of publication, distribution, etc |
Macpherson Road : |
| Name of publisher, distributor, etc |
Allscript, |
| Date of publication, distribution, etc |
c2004. |
| 300 ## - PHYSICAL DESCRIPTION |
| Extent |
240 p. : ill. ; cm. |